000 00582nam a2200181Ia 4500
003 GCL
008 140319s9999 xx 000 0 ara d
040 _aGCL /
_cGCL
082 0 4 _a896
_bن ن
100 1 _aسليم الاسيوطى (مترجم)
245 1 0 _aالناسك الاسود /
_cسليم الاسيوطى (مترجم)
700 1 _aنوجوجى, جيمس
300 _a146 ص
490 _aمسرحيات مختارة
_v0
650 0 4 _aالادب الافريقى المترجم
650 0 4 _aالمسرحيات الافريقية المترجمة
942 _2ddc
_cBK
999 _c47382
_d47382